000 00790cad a2200205 4500
001 L146590
008 090206s2009 xxkd f s 000 0 eng u
035 _a(Sirsi) u146590
041 0 _aeng
050 0 4 _a333.33 $2 18
110 2 _aEstate Agency News
_95683
245 0 0 _aTop 50 league table of residential estate agency offices
_h[electronic resource]
260 _aSt Annes-on-Sea
_bEstates Press Ltd
_c2009
520 _aLists residential estate agency offices in order of league rating with a comparison drawn between January 2008 and January 2009.
590 _aKA NTK
651 4 _aUnited Kingdom
_y
690 _aPROPERTY-PROPERTY AGENCY
856 4 0 _uhttps://www.estateagencynews.co.uk/league.asp
_zView the item free of charge at www.estateagencynews.co.uk...
942 _n0
999 _c109233
_d109233